|
|
|
|
| LEADER |
00000ny a22000003n 4500 |
| 005 |
20110617134758.0 |
| 008 |
040917s2009 sp 001 0 spa d |
| 020 |
|
|
|a 9789972229701
|
| 035 |
|
|
|a 4616
|
| 040 |
|
|
|a BUS
|d vLex
|
| 090 |
|
|
|c 829
|d 829
|
| 100 |
1 |
|
|a Carbonell O'Brien, Esteban
|
| 245 |
1 |
3 |
|a El sistema concursal
|h [Recurso electrn̤ico]
|b una mirada a la novs̕ima legislacin̤ peruana /
|c Esteban Carbonell O'Brien
|
| 256 |
|
|
|a Servicio en ln̕ea
|
| 260 |
|
|
|a Barcelona :
|b vLex,
|c 2009
|
| 300 |
|
|
|a p. ;
|c cm
|
| 506 |
1 |
|
|a Contenido solo disponible en los productos indicados
|d vLex Global
|d vLex Global (Academic Edition, excluding Law Schools)
|d vLex Global (U.S. Academic Edition, Law Schools)
|d vLex Global (U.S. Academic Edition, excluding Law Schools)
|d vLex Global (Academic Edition, Law Schools)
|
| 650 |
0 |
4 |
|a Empresas
|x Liquidacin̤
|z Per︢
|
| 650 |
0 |
4 |
|a Quiebra
|z Per︢
|
| 740 |
0 |
|
|a vLex Libros (Servicios en ln̕ea)
|
| 856 |
4 |
0 |
|u http://vlex.com/source/4616
|z Acceso restringido
|
| 942 |
|
|
|c BOOK
|
| 999 |
0 |
|
|a Law
|b Per ︢
|